Interpreting women's lives : (Record no. 124)
[ view plain ]
| 000 -LEADER | |
|---|---|
| fixed length control field | 00712cam a2200229 a 4500 |
| 001 - CONTROL NUMBER | |
| control field | 1022627 |
| 005 - DATE AND TIME OF LATEST TRANSACTION | |
| control field | 20231204012059.0 |
| 008 - FIXED-LENGTH DATA ELEMENTS--GENERAL INFORMATION | |
| fixed length control field | 880708s1989 inua b s001 0 eng |
| 020 ## - INTERNATIONAL STANDARD BOOK NUMBER | |
| ISBN | 025333070X |
| 020 ## - INTERNATIONAL STANDARD BOOK NUMBER | |
| ISBN | 0253205018 (pbk.) |
| 040 ## - CATALOGING SOURCE (பட்டியலாக்க மூலம்) | |
| Original cataloging agency | DLC |
| Transcribing agency | DLC |
| Modifying agency | DLC |
| 082 00 - DDC Classification | |
| Class No. | 305.4/2 |
| DDC Edition Number | 19 |
| 245 00 - TITLE STATEMENT | |
| Title | Interpreting women's lives : |
| Remainder of title | feminist theory and personal narratives / |
| Statement of responsibility, etc. | edited by The Personal Narratives Group, Joy Webster Barbre |
| 260 ## - PUBLICATION, DISTRIBUTION, ETC. | |
| Place of publication, distribution, etc. | Bloomington : |
| Name of publisher, distributor, etc. | Indiana University Press, |
| Date of publication, distribution, etc. | 1989. |
| 300 ## - PHYSICAL DESCRIPTION | |
| Extent (e.g. Volumes, Pages etc.) | viii, 277 p. : |
| 650 #0 - SUBJECT ADDED ENTRY--TOPICAL TERM | |
| Topical term or geographic name entry element | Women's studies |
| 650 #0 - SUBJECT ADDED ENTRY--TOPICAL TERM | |
| Topical term or geographic name entry element | Autobiography |
| 650 #0 - SUBJECT ADDED ENTRY--TOPICAL TERM | |
| Topical term or geographic name entry element | Women and literature. |
| 650 #0 - SUBJECT ADDED ENTRY--TOPICAL TERM | |
| Topical term or geographic name entry element | Feminist criticism. |
| 700 1# - ADDED ENTRY--PERSONAL NAME | |
| Personal name | Barbre, Joy Webster. |
| Relator term (Role) | Editor |
| 942 ## - Koha item type (Biblio) | |
| Koha item type | Books in Stacks (Lending) |
| Lost status | Damaged status | Collection code | Home library | Current library | Date acquired | Full call number | Accession Number | Item type |
|---|---|---|---|---|---|---|---|---|
| Lending | WERC Library | WERC Library | 12/04/2023 | 305.4/2 | 6001 | Books in Stacks (Lending) |
